|
|
|
|
| LEADER |
00811cam a2200229 7i4500 |
| 001 |
0000025597 |
| 005 |
20151104090000.0 |
| 005 |
##20151104131400.0 |
| 003 |
##MY-KlINT |
| 008 |
15110410s2007 my may d |
| 020 |
# |
# |
|a 9789832950387
|
| 039 |
# |
9 |
|y 201511041314
|z VLOAD
|
| 090 |
0 |
0 |
|a E 346.015088297
|b NOR
|
| 100 |
1 |
# |
|a Norzulaili Mohd Ghazali
|
| 245 |
1 |
0 |
|a Nushuz, shiqaq dan hakam menurut al-Quran, sunah dan undang-undang keluarga Islam /
|c Norzulaili Mohd Ghazali, Wan Abdul Fatah Wan Ismail.
|
| 260 |
# |
# |
|a Nilai, Negeri Sembilan:
|b Kolej Universiti Islam Malaysia,
|c c2006.
|
| 300 |
# |
# |
|a xiii, 100ms;
|c 23cm.
|
| 504 |
# |
# |
|a Bibliografi (ms. 95-100)
|
| 650 |
# |
0 |
|a Marriage (Islamic law)
|
| 650 |
# |
0 |
|a Husband and wife (Islamic law)
|
| 650 |
# |
0 |
|a Domestic relations (Islamic law)
|
| 700 |
0 |
# |
|a Wan Abdul Fatah Wan Ismail
|